banner-ar

فلسطين الوجه المعكوس : (Record no. 59856)

MARC details
000 -الفاتح
حقل البيانات ثابتة الطول 01145nam a22002537a 4500
005 - وقت وتاريخ اخر تعامل مع التسجيلة
رقم الضبط 20240530110340.0
008 - عناصر البيانات ثابتة الطول - معلومات عامة
حقل البيانات ثابتة الطول 141030s2011 le o gr 001 0dara d
020 ## - الرقم الدولى المعيارى للكتب
الرقم الدولى المعيارى للكتاب 9789953823898
040 ## - مصدر الفهرسة
وكالة الفهرسة الأصلية EG-CaGPL
082 04 - رقم تصنيف ديوى العشرى
رقم الطبعة 21
رقم التصنيف 956.903\
رقم المادة س ف
100 0# - المدخل الرئيسى - إسم شخصى
الإسم الشخصى سرى المقدسى
245 10 - بيان العنوان
العنوان فلسطين الوجه المعكوس :
بقية العنوان احتلال يومى /
بيان المسئوليه,etc سرى المقدسى ؛ ترجمة امين الايوبى
260 ## - PUBLICATION, DISTRIBUTION, ETC. (IMPRINT)
تاريخ النشر أو التوزيع 2011
300 ## - الوصف المادى
التعداد 432 ص :
تفاصيل ماديه اخرى للوعاء ايض ؛
أبعاد الوعاء 24 سم
490 ## - بيان السلسلة
عنوان السلسلة وقفية عبدالمحسن القطان للقضية الفلسطينية
650 04 - المدخل الاضافى بالموضوع-مصطلح موضوعى
مصطلح موضوعي القضية الفلسطينية
651 04 - المدخل الاضافى بالموضوع - اسم جغرافى
الاسم الجغرافي فلسطين
التقسيم الفرعي العام الوضع الدولى
651 04 - المدخل الاضافى بالموضوع - اسم جغرافى
الاسم الجغرافي فلسطين المحتلة ( 1948 )
651 04 - المدخل الاضافى بالموضوع - اسم جغرافى
الاسم الجغرافي فلسطين
التقسيم الفرعي العام تاريخ
-- الاحتلال الصهيونى
التقسيم الفرعي الزمني العصر الحديث
651 04 - المدخل الاضافى بالموضوع - اسم جغرافى
الاسم الجغرافي اسرائيل
التقسيم الفرعي العام تاريخ
-- النزاع العربى الاسرائيلى
700 ## - المدخل الاضافى - اسم شخصى
الإسم الشخصى امين الايوبى
الدور مترجم
942 ## - عناصر المدخل الإضافي( كوها)
مصدر التصنيف او مخطط الترفيف Dewey Decimal Classification
Koha [default] item type كتاب
260 ## - PUBLICATION, DISTRIBUTION, ETC. (IMPRINT)
-- بيروت :
-- مركز دراسات الوحدة العربية ،
Holdings
حالة التراجع حالة الفقد حالة تلف ليس للاعارة المكان المؤقت الموقع الحالى تاريخ الاكتساب اجمالي اﻻعارات رقم الطلب الباركود تاريخ اخر مشاهدة تاريخ تفعيل السعر نوع وعاء كوها
        مكتبة القاهرة الكبرى مكتبة القاهرة الكبرى 10/30/2014   956.903\ س ف 158812 10/30/2014 10/30/2014 كتاب

Powered By

EGPV